LEADER 00924nam0-22003011i-450- 001 990000507570403321 005 20090216123621.0 010 $a0-306-10916-6 035 $a000050757 035 $aFED01000050757 035 $a(Aleph)000050757FED01 035 $a000050757 100 $a20020821d1976----km-y0itay50------ba 101 1 $aeng$crus 105 $aa-------001yy 200 1 $aOptical properties of semiconductors$fedited by N. G. Basov 210 $aNew York ; London$cConsultants Bureau$dc1976 215 $a181 p.$cill.$d28 cm 225 1 $aProceedings (Trudy) of the P.N. Lebedev Physics Institute$v75 610 0 $aSemiconduttori$aProprietą ottiche 676 $a541.377 700 1$aBasov,$bN. G.$g 801 0$aIT$bUNINA$gRICA$2UNIMARC 901 $aBK 912 $a990000507570403321 952 $a10 B III 320$bL/215 CNR$fDINEL 959 $aDINEL 997 $aUNINA LEADER 01251nam 2200397 450 001 9910480757303321 005 20200817215500.0 010 $a1-64055-164-6 035 $a(CKB)4100000011209750 035 $a(MiAaPQ)EBC6186441 035 $a(EXLCZ)994100000011209750 100 $a20200817d2020 uy 0 101 0 $aeng 135 $aurcnu|||||||| 181 $ctxt$2rdacontent 182 $cc$2rdamedia 183 $acr$2rdacarrier 200 10$aHealth insurance /$fMichael A. Morrisey 205 $aThird edition. 210 1$aChicago, Illinois ;$aWashington, District of Columbia :$cHealth Administration Press :$cAssociation of University Programs in Health Administration,$d[2020] 210 4$d©2020 215 $a1 online resource (xxvii, 539 pages) $cillustrations, maps 311 $a1-64055-160-3 320 $aIncludes bibliographical references and index. 606 $aHealth insurance$zUnited States 608 $aElectronic books. 615 0$aHealth insurance 676 $a368.38200973 700 $aMorrisey$b Michael A.$0891578 801 0$bMiAaPQ 801 1$bMiAaPQ 801 2$bMiAaPQ 906 $aBOOK 912 $a9910480757303321 996 $aHealth insurance$91991365 997 $aUNINA